000 00503nam a2200193Ia 4500
003 GCL
008 140319s9999 xx 000 0 eng d
040 _aGCL /
_cGCL
082 0 4 _a780.92
_bR S
100 1 _aSADIE, STANLEY
245 1 0 _aSCHUBERT /
_cSADIE, STANLEY
700 1 _aREED, JOHN
260 _a[S.N] :
_bOXFORD UNIVERSITY PRESS ،
_c1997
300 _a270 P
650 0 4 _aMUSIC
650 0 4 _aCOMPOSERS, AUSTRIA - BIOGRAPHY
650 0 4 _aSCHUBERT, FRANZ . 1797 - 1828
942 _2ddc
_cBK
999 _c13761
_d13761